| 000 | 00549nam a22002057a 4500 | ||
|---|---|---|---|
| 003 | OSt | ||
| 005 | 20180119170235.0 | ||
| 008 | 180119b xxu||||| |||| 00| 0 eng d | ||
| 020 | _a0443066485 | ||
| 040 | _cDNLM | ||
| 082 | _aWB356 M12t 2005 | ||
| 100 |
_aMcCullough, jeffrey; _912378 |
||
| 245 | _aTransfusion Medicine: | ||
| 250 | _a2nd ed | ||
| 260 |
_aphiladelphia; _bElsevier Churchill Livingtone, _c2005. |
||
| 300 |
_aviii,584; _bill; _c24cm. |
||
| 504 | _aincludes index and references. | ||
| 650 |
_amedicine; _9324 |
||
| 942 |
_2z _cO_SHELF |
||
| 999 |
_c5968 _d5968 |
||